• 首页
  • 本馆介绍
  • 公告通知
  • 最新文献
  • 馆藏检索
  • 电子资源
  • 读者导购
  • 参考咨询
  • 我的图书馆
  • 登录
  • 详细信息显示
  • 放入我的书架
  • 预约/预借图书
  • 作者相关作品
  • 分类相关作品
  • 丛书相关作品
  • 出版社相关作品

书目信息

  • 表格格式
  • 工作单格式
  • 卡片格式
题名:
城市行道树
    
 
作者: 周厚高 , 罗造 编著
分册:  
出版信息: 北京   化学工业出版社  2013.08
页数: 181页
开本: 24cm
丛书名: 亲近大自然系列
单 册:
中图分类: S718.4
科图分类:
主题词: 树木--介绍 , 树木
电子资源:
ISBN: 978-7-122-17173-3
000 01342oam2 2200301 450
001 012013165551
005 20140610085548.87
010    @a978-7-122-17173-3@dCNY39.00
100    @a20130727d2013 em y0chiy0110 ea
101 0  @achi
102    @aCN@b110000
105    @aak z 000yy
106    @ar
200 1  @a城市行道树@9cheng shi xing dao shu@e身边树木识别图鉴@f周厚高,罗造编著
210    @a北京@c化学工业出版社@d2013.08
215    @a181页@d24cm
225 2  @a亲近大自然系列
330    @a下班行走在路上或者出差到一个城市,如果了解身边的行道树将是非常开心的事。本书对行道树的作用、选择原则进行概述,并选取全国代表地区138种主要的行道树,按照针叶型行道树、常绿阔叶型行道树、落叶阔叶型行道树、棕榈型行道树等类别进行具体描述,介绍了名称、俗名、拉丁名、科属、主要识别特征、应用地域,还介绍了景观特色及园林用途,并配以树皮、花、果、叶、整株及实地景观照片,帮助人们全面了解各城市的行道树。本书附录中有中文文索引、我国主要城市的行道树分布及我国主要行道树果实质量与落果落叶安全性评价等。
333    @a林业植被研究人员
461  0 @12001 @a亲近大自然系列
517 1  @a身边树木识别图鉴@9shen bian shu mu shi bie tu jian
606 0  @a树木@x介绍
606 0  @a树木
690    @aS718.4@v5
701  0 @a周厚高@9zhou hou gao@4编著
701  0 @a罗造@9luo zao@4编著
801  0 @aCN@b人天书店@c20130727
905    @b847078-80@dS718.4@e62@f3
    
    城市行道树:身边树木识别图鉴/周厚高,罗造编著.-北京:化学工业出版社,2013.08
    181页;24cm.-(亲近大自然系列)
    使用对象:林业植被研究人员
    
    ISBN 978-7-122-17173-3:CNY39.00
    下班行走在路上或者出差到一个城市,如果了解身边的行道树将是非常开心的事。本书对行道树的作用、选择原则进行概述,并选取全国代表地区138种主要的行道树,按照针叶型行道树、常绿阔叶型行道树、落叶阔叶型行道树、棕榈型行道树等类别进行具体描述,介绍了名称、俗名、拉丁名、科属、主要识别特征、应用地域,还介绍了景观特色及园林用途,并配以树皮、花、果、叶、整株及实地景观照片,帮助人们全面了解各城市的行道树。本书附录中有中文文索引、我国主要城市的行道树分布及我国主要行道树果实质量与落果落叶安全性评价等。
●
相关链接 在E读中查询图书 在五车中查询图书 在当当中查询图书 在豆瓣中查询图书


正题名:城市行道树     索取号:S718.4/62         预约/预借

序号 登录号 条形码 馆藏地/架位号 状态 备注
1 847078   208470787   第二样本阅览室/ [索取号:S718.4/62] 在馆    
2 847079   208470796   第三借阅区/ [索取号:S718.4/62] 在馆    
3 847080   208470803   生命科学系资料室/ [索取号:S718.4/62] 在馆    
唐山师范学院图书馆 欢迎您!
大连网信软件有限公司© 版权所有